Quilting manual; new. : Designer's boutique /

Bibliographic Details
Main Author: Hinson, Dolores A.
Format: Book
Language:English
Published: New York : Hearthside Press, [1970]
Edition:[Rev. and enl.].
Subjects:

MARC

Tag First Indicator Second Indicator Subfields
LEADER 00000cam a2200000 4500
001 in00000093391
005 20150927070140.0
008 701104s1970 nyua 00110 eng
010 |a  74130539  
020 |a 0820803227  |c 5.95 
035 |a (OCoLC)00098930 
035 |9 AAL5236AM 
040 |a DLC  |c DLC  |d OCL  |d TXA  |d UtOrBLW 
049 |a TXAM  |c [532514] 
050 0 0 |a TT835  |b .H5 1970 
082 0 |a 746.4/6 
100 1 |a Hinson, Dolores A. 
245 1 0 |a Quilting manual; new. :  |b Designer's boutique /  |c [by] Dolores A. Hinson. Drawings by the author. 
250 |a [Rev. and enl.]. 
264 1 |a New York :  |b Hearthside Press,  |c [1970] 
300 |a 192 pages :  |b illustrations ;  |c 25 cm. 
336 |a text  |b txt  |2 rdacontent 
337 |a unmediated  |b n  |2 rdamedia 
338 |a volume  |b nc  |2 rdacarrier 
650 0 |a Quilting. 
999 |a MARS 
999 f f |s 24b55538-6003-356e-a60a-7651c0056eee  |i cf70bf18-e944-3e11-9ef6-bb7da851bcd8  |t 0 
952 f f |p normal  |a Texas A&M University  |b College Station  |c Sterling C. Evans Library  |d Evans: Library Stacks  |t 0  |e TT835 .H5 1970  |h Library of Congress classification  |i unmediated -- volume  |m A14805664709 
998 f f |a TT835 .H5 1970  |t 0  |l Evans: Library Stacks